<?xml version="1.0" encoding="UTF-8"?><?xml-stylesheet type="text/xsl" href="static/style.xsl"?><OAI-PMH xmlns="http://www.openarchives.org/OAI/2.0/" xmlns:xsi="http://www.w3.org/2001/XMLSchema-instance" xsi:schemaLocation="http://www.openarchives.org/OAI/2.0/ http://www.openarchives.org/OAI/2.0/OAI-PMH.xsd"><responseDate>2026-06-02T21:45:05Z</responseDate><request verb="GetRecord" identifier="oai:riuma.uma.es:10630/29945" metadataPrefix="marc">https://riuma.uma.es/rest/oai/request</request><GetRecord><record><header><identifier>oai:riuma.uma.es:10630/29945</identifier><datestamp>2026-02-03T10:51:25Z</datestamp><setSpec>com_10630_2254</setSpec><setSpec>col_10630_37953</setSpec></header><metadata><record xmlns="http://www.loc.gov/MARC21/slim" xmlns:dcterms="http://purl.org/dc/terms/" xmlns:doc="http://www.lyncode.com/xoai" xmlns:xsi="http://www.w3.org/2001/XMLSchema-instance" xsi:schemaLocation="http://www.loc.gov/MARC21/slim http://www.loc.gov/standards/marcxml/schema/MARC21slim.xsd">
   <leader>00925njm 22002777a 4500</leader>
   <datafield ind2=" " ind1=" " tag="042">
      <subfield code="a">dc</subfield>
   </datafield>
   <datafield ind2=" " ind1=" " tag="720">
      <subfield code="a">Cantarero-Prados, Francisco José</subfield>
      <subfield code="e">author</subfield>
   </datafield>
   <datafield ind2=" " ind1=" " tag="720">
      <subfield code="a">De-la-Fuente-Roselló, Ana Luisa</subfield>
      <subfield code="e">author</subfield>
   </datafield>
   <datafield ind2=" " ind1=" " tag="720">
      <subfield code="a">Bellido López, Juan Jesús</subfield>
      <subfield code="e">author</subfield>
   </datafield>
   <datafield ind2=" " ind1=" " tag="260">
      <subfield code="c">2023</subfield>
   </datafield>
   <datafield ind2=" " ind1=" " tag="520">
      <subfield code="a">Se analiza y cartografía, desde la perspectiva del análisis de la gestión del riesgo, la problemática de la aparición, cada vez más habitual, de enjambres de medusas en la Costa del Sol (Málaga, España). El análisis aborda una caracterización separada de los distintos componentes del riesgo. Por una parte, se estudia la peligrosidad utilizando como fuente la información obtenida a través de la App Infomedusa, que ofrece registros diarios de avistamientos registrados por los usuarios de la aplicación, y permite clasificar las playas en función de la frecuencia de aparición de medusas. Asimismo, se categoriza la exposición, esto es, la mayor o menor concentración de usuarios en las distintas playas. Finalmente, mediante indicadores obtenidos a partir de encuestas a los usuarios de las playas, se evalúa la vulnerabilidad frente a la afectación por medusas. Los resultados muestran diferentes niveles de gravedad: la mayor peligrosidad se observa en Málaga y Marbella, tramos de costa que también destacan en la exposición, al mismo nivel que Torrox. La vulnerabilidad es uniformemente alta pero con matices si se atiende los factores que la componen. Los resultados invitan a extender el análisis al resto del litoral para mejorar la gestión de este tipo de riesgo</subfield>
   </datafield>
   <datafield ind1="8" ind2=" " tag="024">
      <subfield code="a">Cantarero Prados, F.J.; De la Fuente Roselló, Ana &amp; Bellido López, J.J. (2023). El impacto de las medusas en el uso recreativo de las playas. Un enfoque desde la perspectiva del riesgo. En Cuadernos Geográficos de la Universidad de Granada. 62 Num. 1 (2023), Pp. 300-318. DOI: https://doi.org/10.30827/cuadgeo.v62i1.27168. ISSN 0210-5462, e-ISSN 2340-0129</subfield>
   </datafield>
   <datafield ind1="8" ind2=" " tag="024">
      <subfield code="a">0210-5462</subfield>
   </datafield>
   <datafield ind1="8" ind2=" " tag="024">
      <subfield code="a">https://hdl.handle.net/10630/29945</subfield>
   </datafield>
   <datafield ind1="8" ind2=" " tag="024">
      <subfield code="a">https://doi.org/10.30827/cuadgeo.v62i1.27168</subfield>
   </datafield>
   <datafield tag="653" ind2=" " ind1=" ">
      <subfield code="a">Medusas - Costa del Sol - Evaluación del riesgo</subfield>
   </datafield>
   <datafield ind2="0" ind1="0" tag="245">
      <subfield code="a">El impacto de las medusas en el uso recreativo de las playas. Un enfoque desde la perspectiva del riesgo</subfield>
   </datafield>
</record>
</metadata></record></GetRecord></OAI-PMH>